Представление документа в формате RUSMARC

ПолеНазваниеЗначение
  Тип записи a
  Библиографический уровень m
001 Контрольный номер RU/УОНБ/EK/665753833
005 Дата корректировки 20250522133851.9
010 Индекс ISBN __
a ISBN 978-5-9795-2078-0
d Цена 60 р.
9 Тираж 50 экз.
100 Данные общей обработки __
a Данные общей обработки 20210204d2020 u y0rusy0189||||ca
101 Язык документа 0_
a Язык текста rus
102 Страна публикации __
a Страна публикации RU
105 Кодированные данные (монография) __
a Кодированные данные (монография) y z 001yy
200 Заглавие и сведения об ответственности 1_
a Заглавие Создание акмеологически ориентированной образовательной среды как условие формирования личностных результатов обучающихся
f Первые сведения об ответственности Ульян. гос. пед. ин-т им. И.Н. Ульянова [и др.]
g Последующие сведения об ответственности под ред. М.И. Лукьяновой
210 Выходные данные 1_
a Место издания Ульяновск
c Издательство Изд-во УлГТУ
d Дата издания 2020
215 Физическое описание __
a Объем 153 с.
d Формат 20 см
320 Библиография __
a Библиография Библиогр. в конце ст.
606 Тематические рубрики 0_
a Основная рубрика Школьники
x Основная подрубрика Психология
610 Ключевые слова 0_
a Ключевые слова педагогика - инновации
610 Ключевые слова 0_
a Ключевые слова учебный процесс в школе
610 Ключевые слова 0_
a Ключевые слова акмелогический подход в образовании
610 Ключевые слова 0_
a Ключевые слова внеурочная деятельность
610 Ключевые слова 0_
a Ключевые слова школьники - психология обучения
686 Индексы других классификаций __
a Классификационный индекс 88.840.32
2 Код системы rubbk
702 Вторичная интеллектуальная ответственность _1
a Фамилия Лукьянова
b Имя (инициалы) М.И.
4 Код отношения 340
712 Наименование организации (Вторичная ответственность) 02
a Организация/ юрисдикция Ульяновский государственный педагогический университет им. И.Н. Ульянова
4 Код отношения 570
712 Наименование организации (Вторичная ответственность) 02
a Организация/ юрисдикция Институт развития образования
4 Код отношения 570
712 Наименование организации (Вторичная ответственность) 02
a Организация/ юрисдикция Университетский лицей г. Димитровграда Ульяновской области
4 Код отношения 570
801 Источник записи _0
a Страна RU
b Организация Ульяновская ОНБ
c Дата составления 20210204
g Правила каталогизации RCR
801 Источник записи _1
a Страна RU
b Организация Ульяновская ОНБ
c Дата составления 20210204
g Правила каталогизации RCR
901 Тип документа __
t Тип документа m
909 Создатель записи __
a Создатель записи Пряхина
b Дата создания записи 20210720
938 Служебная информация __
a Имя БД kraeved_work
b Имя библиотеки УОНБ
c Имя АИБС МАРК-SQL
d Номер DOC_ID в БД 143907